| 000 | 00902 a2200169 4500 | ||
|---|---|---|---|
| 003 | Nust | ||
| 005 | 20170207154102.0 | ||
| 040 | _cNust | ||
| 082 | _a537 | ||
| 100 | _aD.V. Parsad | ||
| 245 |
_aElectromagnatic fields waves and antennas _cD.V. Parsad |
||
| 260 |
_a2-B Nath market , nai sarak Delhi _bKhanna Publishers _c1986 |
||
| 300 | _avii, 289 | ||
| 505 | _aVector Analysis (Page-1) Electrical Field (Page-13) Magnetic Fields (Page-35) Time Varying Fields and Maxwell’s Equations (Page-50) Plane Wave Propagation (Page-69) Reflection, Refraction of Electromagnetic (Page-100) E.M Waves Between Parallel Planes (Page-135) wave Guides (Page-162) Transmission Lines (Page-179) Radiation (Page-193) Basic of Antennas (Page-215) Antennas For Different Frequencies (Page-238) Wave Propagation (Page-265) | ||
| 538 | _aAlmirah No.17 and Shelf No.2 | ||
| 650 | _aElectromagnatic fields waves and antennas | ||
| 942 |
_2ddc _cBK |
||
| 999 |
_c193605 _d193605 |
||